Statistiques concernant Pays les plus proches de Djibouti - une minute sprint

Cliquez ici pour prendre le quiz!

Statistiques générales

  • Ce quiz a été pris 85 fois
  • Le résultat moyen est 15 sur 20

Statistiques - réponses

kmpays% Correct
0Somalie
100%
0Éthiopie
97%
0Érythrée
95%
751Kenya
95%
624Soudan
94%
1365Égypte
90%
857Soudan du Sud
90%
20Yémen
87%
409Arabie Saoudite
84%
1155Oman
76%
1585Tanzanie
76%
1143Ouganda
68%
1835Rwanda
63%
1551Qatar
61%
1515Émirats arabes unis
58%
1458Rép dém Congo
56%
1706République
Centrafricaine
56%
1640Bahreïn
52%
1822Koweït
44%
1843Irak
34%

Distribution des résultats

Percentile par nombre de réponses

% des personnes avec chaque résultat

Votre développement - résultats

Vous n’avez pas pris ce quiz